| 000 | 01652nam a22003734a 4500 | ||
|---|---|---|---|
| 001 | ebr10044908 | ||
| 003 | CaPaEBR | ||
| 006 | m u | ||
| 007 | cr cn||||||||| | ||
| 008 | 011010s2002 enk sb 001 0 eng | ||
| 010 | _z 2001054891 | ||
| 020 | _z0333919416 | ||
| 040 |
_aCaPaEBR _cCaPaEBR |
||
| 035 | _a(OCoLC)53207416 | ||
| 050 | 1 | 4 |
_aHF1533.Z4 _bA8 2002eb |
| 082 | 0 | 4 |
_a337.41093/09/045 _221 |
| 100 | 1 |
_aSingleton, John, _d1960- |
|
| 245 | 1 | 0 |
_aEconomic relations between Britain and Australasia, 1945-1970 _h[electronic resource] / _cJohn Singleton and Paul L. Robertson. |
| 260 |
_aHoundmills, Basingstoke, Hampshire ; _aNew York : _bPalgrave, _c2002. |
||
| 300 | _axiv, 289 p. | ||
| 490 | 1 | _aCambridge imperial and post-colonial studies series | |
| 504 | _aIncludes bibliographical references (p. 266-280) and index. | ||
| 533 |
_aElectronic reproduction. _bPalo Alto, Calif. : _cebrary, _d2013. _nAvailable via World Wide Web. _nAccess may be limited to ebrary affiliated libraries. |
||
| 651 | 0 |
_aGreat Britain _xForeign economic relations _zAustralia. |
|
| 651 | 0 |
_aAustralia _xForeign economic relations _zGreat Britain. |
|
| 651 | 0 |
_aGreat Britain _xForeign economic relations _zNew Zealand. |
|
| 651 | 0 |
_aNew Zealand _xForeign economic relations _zGreat Britain. |
|
| 651 | 0 |
_aGreat Britain _xCommercial policy. |
|
| 655 | 7 |
_aElectronic books. _2local |
|
| 700 | 1 | _aRobertson, Paul L. | |
| 710 | 2 | _aebrary, Inc. | |
| 830 | 0 | _aCambridge imperial and post-colonial studies series. | |
| 856 | 4 | 0 |
_uhttp://site.ebrary.com/lib/rucke/Doc?id=10044908 _zAn electronic book accessible through the World Wide Web; click to view |
| 999 |
_c75345 _d75345 |
||